000
00326nam a22001457a 4500
008
250428b |||||||| |||| 00| 0 eng d
020
_a
9789358409994
040
_a
04
100
_a
MISRA & PURI
245
_a
INDIAN ECONOMICS
260
_a
HIMALAYA PUBLISHING HOUSE
300
_a
892
650
_a
ECONOMICS
942
_c
06
999
_c
65477
_d
65477